Acción social moderna ante la tuberculosis / (Record no. 49236)

MARC details
000 -LEADER
campo de control de longitud fija 00927nam a2200205 i 4500
001 - NÚMERO DE CONTROL
campo de control 49236
003 - IDENTIFICADOR DE NÚMERO DE CONTROL
campo de control ES-MaACL
005 - FECHA Y HORA DE LA ÚLTIMA TRANSACCIÓN
campo de control 20231224062919.0
007 - CAMPO FIJO DE DESCRIPCIÓN FÍSICA--INFORMACIÓN GENERAL
campo de control de longitud fija t|
008 - DATOS DE LONGITUD FIJA--INFORMACIÓN GENERAL
campo de control de longitud fija 030711s1912 sp ||||1| spa d
100 1# - ENTRADA PRINCIPAL--NOMBRE DE PERSONA
Nombre de persona Cortejarena y Aldebó, Francisco de,
Fechas asociadas al nombre 1835-1919
9 (RLIN) 145203
245 10 - MENCIÓN DEL TÍTULO
Título Acción social moderna ante la tuberculosis /
Mención de responsabilidad, etc. comunicación del dr. Francisco de Cortejarena y Aldevó leída y discutida en la Sección el día 12 de septiembre.
260 ## - PUBLICACIÓN, DISTRIBUCIÓN, ETC.
Lugar de publicación, distribución, etc. Madrid :
Nombre del editor, distribuidor, etc. [s.n.],
Fecha de publicación, distribución, etc. 1912 (
Fabricante Impr. de los sucesores de Enrique Teodoro)
300 ## - DESCRIPCIÓN FÍSICA
Extensión 16 p. ;
Dimensiones 20 cm.
500 ## - NOTA GENERAL
Nota general Extraido de "El Siglo Médico"
594 ## - Nota al título y mención de responsabilidad
Nota al título y mención de responsabilidad Precede al tít.: II Congreso Español Internacional de la Tuberculosis, 9 al 16 de septiembre de 1912, San Sebastián, Sección Septima.
650 #4 - PUNTO DE ACCESO ADICIONAL DE MATERIA--TÉRMINO DE MATERIA
Término de materia o nombre geográfico como elemento de entrada Tuberculosis-
Subdivisión general Prevención.
9 (RLIN) 139265
852 ## - LOCALIZACIÓN
Ubicación ES-MaACL
Número de control de estantería T-1326-F-1
Nota libre .- Ded. manuscrita del autor
Holdings
Estatus retirado Estado de pérdida Fuente del sistema de clasificación o colocación Estado de daño No para préstamo Colección Biblioteca de origen Biblioteca actual Ubicación en estantería Fecha de adquisición Total de préstamos Signatura topográfica completa Código de barras Visto por última vez Precio de reemplazo Tipo de ítem Koha Nota pública
    Clasificación decimal universal     Colección de folletos Biblioteca del Ateneo de Madrid Biblioteca del Ateneo de Madrid Depósito folletos 17/01/2008   T-1326-F-1 1051811 23/02/2023 23/02/2023 Folleto Dedicatoria autógrafa del autor